PPPD - Příprava, předzpracování a přenos dat

Saved in:
Bibliographic Details
Main Author: Hellman, Zdeněk
Other Authors: Pužman, Josef
Format: Book
Language:Czech
Published: Praha Kanc. stroje 1987
Edition:1. vyd.
Tags: Add Tag
No Tags, Be the first to tag this record!

MARC

LEADER 00000nam a2200000 4500
001 c036664
005 20250609122431.5
041 0 |a cze 
044 |a CZ 
245 1 0 |a PPPD - Příprava, předzpracování a přenos dat  |c Zdeněk Hellman, Josef Pužman 
250 |a 1. vyd. 
264 1 |a Praha  |b Kanc. stroje  |c 1987 
300 |a 263 s. 
100 1 |a Hellman, Zdeněk 
700 1 |a Pužman, Josef